Las requisas y otras inspecciones personales /
Guardado en:
| Autor Principal: | |
|---|---|
| Formato: | Capítulo de libro |
| Idioma: | Spanish |
| Publicado: |
Ciudad Autónoma de Buenos Aires :
Astrea,
2014.
|
| Edición: | 2° ed. act. y amp. |
| Materias: | |
| Etiquetas: |
Agregar Etiqueta
Sin Etiquetas, Sea el primero en etiquetar este registro!
|
| LEADER | 00869naa a22001815a 4500 | ||
|---|---|---|---|
| 001 | DER.der014276 | ||
| 005 | 20191022092744.0 | ||
| 008 | 191022s2014####ag#||||||||||||||#||spa|| | ||
| 020 | |a 9789877060256 | ||
| 082 | 0 | 4 | |a 347.05 |
| 100 | 1 | |a Hairabedián, Maximiliano | |
| 245 | 1 | 0 | |a Las requisas y otras inspecciones personales / |c Maximiliano Hairabedián. |
| 250 | |a 2° ed. act. y amp. | ||
| 260 | |a Ciudad Autónoma de Buenos Aires : |b Astrea, |c 2014. | ||
| 500 | |a Intervención corporal. cacheos. Identificación de personas. requisitos judiciales, policiales, preventivas y administrativas. Control vehicular. Test de alcoholemia y drogas. Equipajes. Exposición radiológica. Seguimientos a personas y vehículos. Exclusiones probatorias. Actas. Impugnaciones. | ||
| 653 | |a DERECHO PROCESAL PENAL | ||
| 653 | |a PROCESO PENAL | ||
| 859 | |a DERECHO |b BIB. DERECHO |h 347.05 |i HAI |k 20 |p 009545 | ||
